Algunas notas acerca de la balneología y de las ideas modernas que hay respecto á este medio terapéutico / (Record no. 115662)

MARC details
000 -LEADER
campo de control de longitud fija 01080nam a2200205 i 4500
001 - NÚMERO DE CONTROL
campo de control 115662
003 - IDENTIFICADOR DE NÚMERO DE CONTROL
campo de control ES-MaACL
007 - CAMPO FIJO DE DESCRIPCIÓN FÍSICA--INFORMACIÓN GENERAL
campo de control de longitud fija t|
008 - DATOS DE LONGITUD FIJA--INFORMACIÓN GENERAL
campo de control de longitud fija 070424s1909 sp ||||1| spa d
100 1# - ENTRADA PRINCIPAL--NOMBRE DE PERSONA
Nombre de persona González Tánago y García, Manuel.
9 (RLIN) 58978
245 10 - MENCIÓN DEL TÍTULO
Título Algunas notas acerca de la balneología y de las ideas modernas que hay respecto á este medio terapéutico /
Mención de responsabilidad, etc. por Manuel González Tánago. La balneoterapia en las enfermedades del aparato respiratorio / por Gustav Spiess. Valor de la inhalación del agua mineral pulverizada libremente en el tratamiento de los catarros crónicos bronquiales / por el dr. Stemmler.
260 ## - PUBLICACIÓN, DISTRIBUCIÓN, ETC.
Lugar de publicación, distribución, etc. Madrid :
Nombre del editor, distribuidor, etc. [s.n.],
Fecha de publicación, distribución, etc. 1909 (
Fabricante Impr. de Ricardo Rojas)
300 ## - DESCRIPCIÓN FÍSICA
Extensión 43 p. ;
Dimensiones 25 cm.
650 14 - PUNTO DE ACCESO ADICIONAL DE MATERIA--TÉRMINO DE MATERIA
Término de materia o nombre geográfico como elemento de entrada Balneoterapia.
9 (RLIN) 10482
700 1# - ENTRADA AGREGADA--NOMBRE PERSONAL
Nombre de persona Spiess, Gustav.
9 (RLIN) 107724
700 1# - ENTRADA AGREGADA--NOMBRE PERSONAL
Nombre de persona Stemmler.
9 (RLIN) 108083
740 3# - ENTRADA AGREGADA--TÍTULO RELACIONADO/ANALÍTICO NO CONTROLADO
Título relacionado o analítico no controlado La balneoterapia en las enfermedades del aparato respiratorio.
740 0# - ENTRADA AGREGADA--TÍTULO RELACIONADO/ANALÍTICO NO CONTROLADO
Título relacionado o analítico no controlado Valor de la inhalación del agua mineral pulverizada libremente en el tratamiento de los catarros crónicos bronquiales.
852 ## - LOCALIZACIÓN
Ubicación ES-MaACL
Número de control de estantería T-150 bis-F-13
Holdings
Estatus retirado Estado de pérdida Estado de daño No para préstamo Colección Biblioteca de origen Biblioteca actual Ubicación en estantería Fecha de adquisición Fuente de adquisición Total de préstamos Signatura topográfica completa Código de barras Visto por última vez Precio de reemplazo Tipo de ítem Koha
        Colección de folletos Biblioteca del Ateneo de Madrid Biblioteca del Ateneo de Madrid Depósito folletos 17/01/2008     T-150 bis-F-13 1120617 23/02/2023 23/02/2023 Folleto